| 000 | 02061cam a22002535a 4500 | ||
|---|---|---|---|
| 999 |
_c27442 _d27413 |
||
| 001 | 17824596 | ||
| 005 | 20190509110500.0 | ||
| 008 | 130724s2013 enka fr 001 0 eng d | ||
| 010 | _a 2013427116 | ||
| 020 | _a9781119963998 (pbk.) | ||
| 040 |
_aDLC _beng _cDLC _dEG-ScBUE |
||
| 082 | 0 | 4 |
_a005.12 _bHAN _222 |
| 100 | 1 | _aHanmer, Robert S. | |
| 245 | 1 | 0 |
_aPattern-oriented software architecture for dummies / _cby Robert Hanmer. |
| 260 |
_aWest Sussex, Eng. : _bJohn Wiley & Sons, _cc.2013. |
||
| 300 |
_axx, 360 p. : _bill. ; _c24 cm |
||
| 500 | _aIncludes index. | ||
| 520 | _aImagine how much easier it would be to solve a programming problem, if you had access to the best practices from all the top experts in the field, and you could follow the best design patterns that have evolved through the years. Well, now you can. This unique book offers development solutions ranging from high-level architectural patterns, to design patterns that apply to specific problems encountered after the overall structure has been designed, to idioms in specific programming languages--all in one, accessible, guide. Not only will you improve your understanding of software design, you'll also improve the programs you create and successfully take your development ideas to the next level. Pulls together the best design patterns and best practices for software design into one accessible guide to help you improve your programming projects Helps you avoid re-creating the wheel and also meet the ever-increasing pace of rev cycles, as well as the ever-increasing number of new platforms and technologies for mobile, web, and enterprise computing Fills a gap in the entry-level POSA market, as well as a need for guidance in implementing best practices from the ground up, Save time and avoid headaches with your software development projects with Pattern-Oriented Software Architecture For Dummies. | ||
| 650 | 7 |
_aSoftware patterns. _2BUEsh |
|
| 650 | 7 |
_aSoftware architecture. _2BUEsh _929417 |
|
| 651 | _2BUEsh | ||
| 653 |
_bCOMSCI _cMay2019 |
||
| 942 | _2ddc | ||